La Obra infantil de los suburbios / Luis Ma Udina
Publicado:
San Jorge, núm. 75 ( 3r trimestre 1969), pàg 39 :
MARC
| LEADER | 00000nam a2200000Ia 4500 | ||
|---|---|---|---|
| 001 | |||
| 008 | 160829s9999 xx 000 0 cat d | ||
| 100 | 1 | |a Udina Castell, Lluís Maria, |d 1938-2010 |9 21618 | |
| 245 | |a La Obra infantil de los suburbios / Luis Ma Udina | ||
| 260 | |a San Jorge, núm. 75 ( 3r trimestre 1969), pàg 39 | ||
| 650 | |a Melo Garcia, José Matías |x Medalles |9 40213 | ||
| 650 | |a Insignia d'or de l'obra infantil dels Suburbis |9 40214 | ||
| 651 | 0 | |a Vilafranca del Penedès |9 50767 | |
| 901 | |a Arxiu | ||
| 942 | |n 1 | ||
| 952 | |0 0 |1 0 |4 0 |7 1 |9 49492 |a Arxiu |b Arxiu |d 2016-12-01 |l 0 |r 2016-12-01 00:00:00 |w 2016-12-01 |y ARXIU | ||
| 999 | |c 53334 |d 53334 | ||